01006nas a2200241Ia 4500001001100000003000900011008004100020040001300061040001300074041001300087100003800100210002300138222002300161245010500184250001100289260002100300501008600321300000900407310001200416362003600428500026400464650003600728R026/43510IT-RoPAU151124c99999999xx |||||||||||| ||und|| aIT-RoPAU cIT-RoPAU aITALIANO aAA.VV. gCodice Aut. SPICS: 12000 aNOSTRO CINEMA (IL) aNostro Cinema (Il) aNOSTRO CINEMA (IL), ANNO 15-N.168 (FEBBRAIO 1977)bNostro Cinema (Il), Anno 15-N.168 (Febbraio 1977) a1a ed. aROMAbACECc1977 bPaulus - SPICS - Società San Paolo EM (non-commercial uses only)cCopyright2015 a4 p. aMENSILE aANNO 015, N.168 (FEBBRAIO 1977) aSala della Comunità. Esortazioni e Direttive dell'Episcopato Toscano. Comunità e Musica: Arte Musicale e Pittorica. Note Critiche Sui Film: il Giudice e L'Assassino di Bernard Tavernier, Panico Nello Stadio di Larry Peerce, Dersu Uzala di Akira Kurosawa,  aCINEMAvPUBBLICAZIONE PERIODICA